00707nam a2200193Ia 4500003000900000008004100009040001600050080001800066100003000084245011600114260004700230300001400277490005200291650002900343650002800372942000700400999001300407952009300420IN-BaIIA211028s9999 xx 000 0 eng d cIIA Library a524.3-54bHAL aHale, George Ellery91151 4aThe study of stellar evolutionban account of some recent methods of astrophysical researchcGeorge Ellery Hale aChicagobUniversity of Chicago Pressc1908 axi, 252p. aThe decennial publications second series; v. 10 aStellar Evoluation91152 aStellar Structure91153 cBK c499d499 00104070aBANbKODcGENd0000-00-00l0o524.3-54/ HALp517r2021-11-05w0000-00-00yBK